[Event "Frisco Masters"]
[Site "San Francisco USA"]
[Date "2000.04.03"]
[Round "7"]
[White "Browne,W"]
[Black "Ehlvest,J"]
[Result "0-1"]
[WhiteElo "2472"]
[BlackElo "2622"]

1.d4 Nf6 2.c4 g6 3.Nc3 d5 4.cxd5 Nxd5 5.e4 Nxc3 6.bxc3 Bg7 7.Nf3 c5 8.Rb1 O-O
9.Be2 b6 10.O-O Bb7 11.Qd3 e6 12.Bg5 Qc8 13.Rfd1 Ba6 14.Qe3 Bxe2 15.Qxe2 Qa6
16.Qd2 Nd7 17.h4 Qa5 18.Rbc1 cxd4 19.cxd4 Qxd2 20.Nxd2 Rfc8 21.Nc4 Bf8 22.Bf4 Be7
23.Nd6 Bxd6 24.Bxd6 f5 25.exf5 exf5 26.Bc7 Kf7 27.d5 Nf6 28.f3 Re8 29.Kf2 Rac8
30.d6 Nd7 31.Rc3 Ra8 32.Rd5 Re6 33.a4 Rae8 34.Rc2 Re5 35.Rd4 Ra5 36.Rc1 Ree5
37.Rh1 Rac5 38.Rd2 h5 39.Ra1 Ke6 40.Rda2 Rc4 41.Kg3 f4+ 42.Kf2 Kd5 43.a5 b5
44.Rd2+ Kc6 45.a6 Rec5 46.Raa2 Rc1 47.Rab2 R5c4 48.Re2 Ra1 49.Ra2 Rxa2 50.Rxa2 b4
51.Ke2 Rc1 52.Kd2 Rg1 53.Kd3 Nc5+ 54.Kc4 b3 55.Rb2 Rc1+ 56.Kd4 Kb5 57.d7 Rd1+
58.Ke5 Rxd7  0-1

[Event "Open"]
[Site "Bad Wildbad GER"]
[Date "2000.04.06"]
[Round "8"]
[White "Polak,T"]
[Black "Schulze,U"]
[Result "0-1"]
[WhiteElo "2503"]
[BlackElo "2368"]

1.d4 Nf6 2.c4 g6 3.Nc3 d5 4.cxd5 Nxd5 5.e4 Nxc3 6.bxc3 Bg7 7.Nf3 c5 8.h3 O-O
9.Be2 b6 10.Be3 Bb7 11.Qd3 Qc7 12.O-O Rd8 13.Rac1 Nd7 14.d5 c4 15.Qxc4 Qxc4
16.Bxc4 Rac8 17.Bb5 Nc5 18.Nd2 e6 19.dxe6 Nxe6 20.Bc4 Nf8 21.Bb3 Bxc3 22.Nc4 Bf6
23.e5 Be7 24.Rfd1 Bd5 25.f4 h5 26.g4 hxg4 27.hxg4 Be6 28.g5 Rxd1+  0-1

[Event "FSIMA April"]
[Site "Budapest HUN"]
[Date "2000.04.06"]
[Round "6"]
[White "Murzin,L"]
[Black "Atakisi,U"]
[Result "1-0"]
[WhiteElo "2231"]
[BlackElo "2274"]

1.d4 Nf6 2.c4 g6 3.Nc3 d5 4.cxd5 Nxd5 5.e4 Nxc3 6.bxc3 Bg7 7.Nf3 c5 8.Rb1 O-O
9.Be2 cxd4 10.cxd4 Qa5+ 11.Qd2 Qxd2+ 12.Bxd2 b6 13.O-O Bb7 14.d5 Ba6 15.Bxa6 Nxa6
16.Be3 f5 17.e5 f4 18.Bc1 Rad8 19.Rd1 Nc7 20.d6 exd6 21.exd6 Rf5 22.Bxf4 Nd5
23.Bg5 Rxd6 24.Rbc1 Rd7 25.Rc8+ Rf8 26.Rc6 Bf6 27.h4 Kg7 28.Nd4 Bxd4 29.Rxd4 Rff7
30.h5 Rf5 31.h6+ Kf7 32.f4 Kg8 33.Rc8+ Rf8 34.Rc1 Kf7 35.Re1 Rc8 36.g4 b5
37.Re5 Rc1+ 38.Kh2 Rc2+ 39.Kg3 Rc3+ 40.Kh4 Rc5 41.f5 gxf5 42.Rxf5+ Kg8 43.Rd2 b4
44.Re5 a5 45.Rf2 Rc8 46.Rff5 Nc3 47.Rxa5 Ne4 48.Rae5 Nd6 49.Rf4 Rb7 50.Re7 Rcb8
51.Rd4 Nf7 52.Rxb7 Rxb7 53.Bf4 b3 54.axb3 Rxb3 55.Rc4 Rd3 56.Rc8+ Rd8 57.Rc6 Nh8
58.Kh5 Ng6 59.Bd6 Rd7 60.Kg5 Kf7 61.Kf5 Ra7 62.Rc5 Rd7 63.Bg3 Ne7+ 64.Ke4 Ra7
65.Bf2 Ng6 66.Rf5+  1-0

[Event "Bundesliga 1999-2000"]
[Site "Porz GER"]
[Date "2000.04.08"]
[Round "14"]
[White "Michaelsen,N"]
[Black "Bacrot,E"]
[Result "0-1"]
[WhiteElo "2459"]
[BlackElo "2594"]

1.d4 Nf6 2.c4 g6 3.Nc3 d5 4.cxd5 Nxd5 5.e4 Nxc3 6.bxc3 Bg7 7.Bb5+ c6 8.Ba4 O-O
9.Ne2 Be6 10.O-O Nd7 11.Bg5 b5 12.Bb3 Bxb3 13.axb3 a5 14.Qc1 Re8 15.Rd1 Qb6
16.Be3 a4 17.bxa4 Rxa4 18.Rb1 Qa6 19.Ng3 e5 20.Bh6 Bh8 21.d5 c5 22.d6 Bf6
23.Bg5 Re6 24.h4 Ra2 25.h5 Rxd6 26.Rxd6 Qxd6 27.Rxb5 Bg7 28.h6 Bf8 29.Rb1 f6
30.Be3 Qd3 31.Rb2 Rxb2 32.Qxb2 Qc4 33.Qb7 Qe6 34.Qc8 Kf7 35.Qb7 Be7 36.Nf1 f5
37.Qa8 f4 38.Qh8 Nf8 39.Qg7+ Ke8 40.Bd2 Bf6 41.Qc7 Nd7 42.Nh2 Qa6  0-1

[Event "19th Open"]
[Site "Reykjavik ISL"]
[Date "2000.04.13"]
[Round "9"]
[White "Wiley,To"]
[Black "Sigfusson,S"]
[Result "1/2-1/2"]
[WhiteElo "2294"]
[BlackElo "2215"]

1.d4 Nf6 2.c4 g6 3.Nc3 d5 4.cxd5 Nxd5 5.e4 Nxc3 6.bxc3 Bg7 7.Be3 c5 8.Qd2 Qa5
9.Rb1 cxd4 10.cxd4 Qxd2+ 11.Kxd2 O-O 12.Bd3 Rd8 13.Nf3 e6 14.Rhc1 Nc6 15.e5 f6
16.exf6 Bxf6 17.Rc4 e5 18.dxe5 Bf5 19.Rc3 Nxe5 20.Nxe5 Bxe5 21.Ra3 b6 22.Ke2 Rxd3  1/2-1/2

[Event "Millennium Masters"]
[Site "Oakham ENG"]
[Date "2000.04.14"]
[Round "4"]
[White "Hummel,P"]
[Black "Gormally,D"]
[Result "1-0"]
[WhiteElo "2347"]
[BlackElo "2504"]

1.d4 Nf6 2.c4 g6 3.Nc3 d5 4.cxd5 Nxd5 5.e4 Nxc3 6.bxc3 Bg7 7.Nf3 c5 8.Rb1 O-O
9.Be2 b6 10.O-O Bb7 11.Qd3 Ba6 12.Qe3 Qd7 13.Bxa6 Nxa6 14.Qd3 Qa4 15.Bg5 Rfe8
16.d5 c4 17.Qe3 Nc5 18.Nd4 e6 19.d6 f6 20.Bh4 e5 21.Nb5 Rad8 22.Rfd1 Re6
23.Qe2 Nd3 24.Rxd3 cxd3 25.Qxd3 Qxa2 26.Rd1 Rd7 27.c4 a6 28.Qd5 Kf7 29.Qc6 Rde7
30.Nc7 Qb3 31.Qd5  1-0

[Event "Open"]
[Site "Dos Hermanas ESP"]
[Date "2000.04.15"]
[Round "9"]
[White "Suba,M"]
[Black "Gamundi Salamanca,A"]
[Result "0-1"]
[WhiteElo "2510"]
[BlackElo "2450"]

1.d4 Nf6 2.c4 g6 3.Nc3 d5 4.cxd5 Nxd5 5.e4 Nxc3 6.bxc3 Bg7 7.Nf3 c5 8.Be2 cxd4
9.cxd4 Nc6 10.Be3 Qa5+ 11.Kf1 Bg4 12.h3 Bxf3 13.Bxf3 Rd8 14.d5 O-O 15.Rb1 e6
16.g3 exd5 17.exd5 Ne5 18.Kg2 b6 19.Bd4 Nxf3 20.Bxg7 Kxg7 21.Qxf3 Rxd5 22.Rb2 Rfd8
23.Rc1 Rd3 24.Qe4 R8d4 25.Qa8 Rd2 26.Rxd2 Rxd2 27.Rc8 Qd5+ 28.Qxd5 Rxd5 29.Rc2 Ra5
30.h4 Ra3 31.Rb2 h5 32.Kf1 Kf6 33.Ke2 Kf5 34.f3 Ke5 35.Rd2 b5 36.Rb2 a6 37.Kf2 Kd4
38.Rd2+ Kc3 39.Rd7 Rxa2+ 40.Ke3 Ra4 41.Rxf7 Rc4 42.Rf6 b4 43.Rxa6 b3 44.Rxg6 b2
45.Rb6 Rb4 46.Rxb4 Kxb4 47.Kf4 b1=Q 48.Kg5 Kc5 49.g4 Kd6  0-1

[Event "zt 1.2"]
[Site "Pula CRO"]
[Date "2000.04.16"]
[Round "6"]
[White "Slobodjan,R"]
[Black "Avrukh,B"]
[Result "0-1"]
[WhiteElo "2561"]
[BlackElo "2620"]

1.d4 Nf6 2.c4 g6 3.Nc3 d5 4.cxd5 Nxd5 5.e4 Nxc3 6.bxc3 Bg7 7.Nf3 c5 8.Rb1 O-O
9.Be2 Nc6 10.d5 Ne5 11.Nxe5 Bxe5 12.Qd2 e6 13.f4 Bc7 14.O-O exd5 15.exd5 Ba5
16.d6 b6 17.Bb2 Bf5 18.Rbd1 Qf6 19.g4 Bd7 20.f5 Rae8 21.fxg6 Qxg6 22.Rf2 b5
23.Bd3 Qg7 24.Bf1 c4 25.Kh1 Bb6 26.Re2 Rxe2  0-1

[Event "12th Open"]
[Site "Lenk SUI"]
[Date "2000.04.22"]
[Round "5"]
[White "Hamzabegovic,M"]
[Black "Kuemin,S"]
[Result "0-1"]
[WhiteElo "2104"]
[BlackElo "2251"]

1.d4 Nf6 2.c4 g6 3.Nc3 d5 4.cxd5 Nxd5 5.e4 Nxc3 6.bxc3 Bg7 7.Nf3 c5 8.Rb1 O-O
9.Be2 cxd4 10.cxd4 Qa5+ 11.Bd2 Qxa2 12.O-O Bg4 13.Be3 Nc6 14.h3 Bxf3 15.Bxf3 Bxd4
16.Bxd4 Rfd8 17.Ra1 Qc4 18.Ra4 Nb4 19.Qb1 Rxd4 20.Rc1 Qb5 21.Qb3 a5 22.Rca1 Qe5
23.Qb1 b6 24.h4 Rc8 25.Qf1 Qf4 26.h5 Rdc4 27.Rd1 Rc1 28.Ra1 Rxa1 29.Rxa1 e6
30.Qb5 Rc1+ 31.Rxc1 Qxc1+ 32.Kh2 Qc7+ 33.g3 Kg7 34.Qe8 Nd3 35.h6+ Kxh6 36.Qf8+ Kg5
37.Qg7 h5 38.Bxh5 Qc2 39.Bf3 Qxf2+ 40.Bg2 Ne1 41.Qe5+ Kg4  0-1

[Event "XVIII Open"]
[Site "Metz FRA"]
[Date "2000.04.22"]
[Round "8"]
[White "Handke,F"]
[Black "Szylar,E"]
[Result "1-0"]
[WhiteElo "2413"]
[BlackElo "2183"]

1.d4 Nf6 2.c4 g6 3.Nc3 d5 4.cxd5 Nxd5 5.e4 Nxc3 6.bxc3 Bg7 7.Nf3 c5 8.Rb1 Nc6
9.d5 Bxc3+ 10.Bd2 Bxd2+ 11.Qxd2 Na5 12.Bb5+ Bd7 13.Bxd7+ Kxd7 14.O-O b6 15.Ne5+ Ke8
16.f4 f6 17.Nf3 Kf7 18.h4 Kg7 19.Qc3 h6 20.h5 gxh5 21.Nh4 Rg8 22.Rbd1 Nb7
23.e5 Qf8 24.Qd3 Nd8 25.Rf3 Kf7 26.Qf5 Qg7 27.e6+ Ke8 28.d6 Qg4 29.dxe7 Kxe7
30.Rd7+ Ke8 31.Qxf6  1-0

[Event "Kaissa CC"]
[Site "Kharkov UKR"]
[Date "2000.05.02"]
[Round "5"]
[White "Simantsev,M"]
[Black "Budnikov,O"]
[Result "0-1"]
[WhiteElo "2447"]
[BlackElo "2363"]

1.d4 Nf6 2.c4 g6 3.Nc3 d5 4.cxd5 Nxd5 5.e4 Nxc3 6.bxc3 Bg7 7.Nf3 c5 8.Rb1 O-O
9.Be2 cxd4 10.cxd4 Qa5+ 11.Qd2 Qxd2+ 12.Bxd2 e6 13.O-O b6 14.Rbc1 Bb7 15.Bb4 Rd8
16.Bb5 Ba6 17.Be7 Bxb5 18.Bxd8 Nc6 19.Bh4 Bxf1 20.Rxc6 Bd3 21.e5 Be4 22.Rc7 h6
23.Be7 Bd5 24.Nd2 Bxa2 25.Ne4 b5 26.Nd6 b4 27.Nxf7 b3 28.Rb7 Kxf7 29.Bf6+ Ke8
30.Bxg7 Rc8  0-1

[Event "Capablanca Mem Premier II"]
[Site "Varadero CUB"]
[Date "2000.05.08"]
[Round "2"]
[White "Matamoros Franco,C"]
[Black "Moreno,J"]
[Result "1/2-1/2"]
[WhiteElo "2492"]
[BlackElo "2506"]

1.d4 Nf6 2.c4 g6 3.Nc3 d5 4.cxd5 Nxd5 5.e4 Nxc3 6.bxc3 Bg7 7.Nf3 c5 8.Be3 Qa5
9.Bd2 O-O 10.Be2 Bg4 11.O-O e6 12.Rb1 Qxa2 13.Rc1 Qb2 14.Rb1 Qa2  1/2-1/2

[Event "Capablanca Mem Premier I"]
[Site "Varadero CUB"]
[Date "2000.05.08"]
[Round "2"]
[White "Paramos Dominguez,R"]
[Black "Herrera,I"]
[Result "1-0"]
[WhiteElo "2431"]
[BlackElo "2472"]

1.d4 Nf6 2.c4 g6 3.Nc3 d5 4.cxd5 Nxd5 5.e4 Nxc3 6.bxc3 Bg7 7.Nf3 c5 8.Rb1 O-O
9.Be2 Nc6 10.d5 Ne5 11.Nxe5 Bxe5 12.Qd2 b6 13.O-O e6 14.f4 Bg7 15.Bc4 Bb7
16.dxe6 Qxd2 17.exf7+ Kh8 18.Bxd2 Rad8 19.Rf2 Bxe4 20.Re1 Bd5 21.Bxd5 Rxd5
22.Re7 Bf6 23.Rxa7 Kg7 24.Rb7 Rd6 25.Re2 Rxf7 26.Rb8 Ra7 27.Be1 Rd1 28.Kf2 Rb1
29.Kf3 Rd7 30.g4 Kf7 31.f5 gxf5 32.gxf5 Bd8 33.Rd2 Rxd2 34.Bxd2 Be7 35.Rb7 Kf6
36.h4 Bd6 37.Ke4 h6 38.Bxh6 Re1+ 39.Be3 Bg3 40.Rxb6+ Kf7 41.Kf3 Bxh4 42.Bxc5  1-0

[Event "ch-NED"]
[Site "Rotterdam NED"]
[Date "2000.05.10"]
[Round "4"]
[White "Piket,Je"]
[Black "Van Wely,L"]
[Result "1/2-1/2"]
[WhiteElo "2633"]
[BlackElo "2646"]

1.d4 Nf6 2.c4 g6 3.Nc3 d5 4.cxd5 Nxd5 5.e4 Nxc3 6.bxc3 Bg7 7.Bc4 O-O 8.Ne2 c5
9.O-O Nc6 10.Be3 Bg4 11.f3 Na5 12.Bd3 cxd4 13.cxd4 Be6 14.Qa4 a6 15.d5 b5
16.Qb4 Bxa1 17.Rxa1 Bd7 18.Qd4 Rc8 19.Bh6 f6 20.Bxf8 Kxf8 21.Kf2 Qc7 22.Rc1 Qxh2
23.Rxc8+ Bxc8 24.Qc3 Nc4 25.Bxc4 bxc4 26.Qxc4 Bh3 27.Qxa6 Qxg2+ 28.Ke3 Qg5+
29.Kf2 Qg2+ 30.Ke3 Qg5+ 31.Kf2  1/2-1/2

[Event "New York Open"]
[Site "New York USA"]
[Date "2000.05.11"]
[Round "9"]
[White "Bu Xiangzhi"]
[Black "Kalantarian,N"]
[Result "0-1"]
[WhiteElo "2565"]
[BlackElo "2474"]

1.d4 Nf6 2.c4 g6 3.Nc3 d5 4.cxd5 Nxd5 5.e4 Nxc3 6.bxc3 Bg7 7.Nf3 c5 8.Rb1 O-O
9.Be2 Nc6 10.d5 Bxc3+ 11.Bd2 Bxd2+ 12.Qxd2 Na5 13.h4 Bg4 14.h5 Bxf3 15.gxf3 e5
16.hxg6 fxg6 17.d6 b6 18.Qd5+ Kg7 19.Qxe5+ Qf6 20.Qh2 h5 21.Rd1 Nc6 22.Rd5 Nd4
23.Qg3 Nxf3+ 24.Kf1 Qc3 25.Kg2 Ne1+ 26.Kh2 Qxg3+ 27.Kxg3 Nc2 28.e5 Nd4 29.Rxd4 cxd4
30.e6 Rfd8 31.d7 Kf6 32.Bc4 b5 33.Bb3 a5 34.Rh4 Ke5 35.Kf3 Rf8+ 36.Ke2 a4
37.Bc2 Kxe6 38.Bxg6 Kxd7 39.Rxd4+ Kc6 40.Rh4 Kb6 41.Rxh5 Rac8 42.Bd3 Rc5
43.Rh6+ Ka5 44.Ke3 Kb4 45.Rb6 Re8+ 46.Kf3 Ree5 47.Kg4 Rg5+ 48.Kh4 Rg2 49.a3+ Kxa3
50.Bxb5 Rxf2 51.Be8 Rf4+ 52.Kg3 Rb4  0-1

[Event "City-ch"]
[Site "Lisbon POR"]
[Date "2000.05.16"]
[Round "2"]
[White "Guerra,V"]
[Black "Costa,FJ"]
[Result "1/2-1/2"]
[WhiteElo "2131"]
[BlackElo "2100"]

1.d4 Nf6 2.c4 g6 3.Nc3 d5 4.cxd5 Nxd5 5.e4 Nxc3 6.bxc3 Bg7 7.Nf3 c5 8.Be2 Nc6
9.Be3 Qa5 10.O-O O-O 11.Qb3 cxd4 12.cxd4 Bg4 13.Rad1 Rad8 14.d5 Ne5 15.Qxb7 Qxa2
16.Rd2 Qa4 17.Bd1 Qxe4 18.Nxe5 Bc8 19.Qxa7 Bxe5 20.Bc2 Qh4 21.g3 Qf6 22.Bh6 Bh3
23.Re1 Rfe8 24.Rd3 Ra8 25.Qe3 Ra1 26.Bd1 Ra2 27.Bg5 Qf5 28.Bb3 Rxf2 29.Qxf2 Qxd3
30.Rxe5 Qxb3 31.Bxe7 Ra8 32.d6 Qd5 33.Rxd5 Ra1+ 34.Qe1 Rxe1+ 35.Kf2 Rf1+
36.Ke2 Rf5 37.Rd4 Re5+ 38.Kd2 Bd7 39.Rb4 Rd5+ 40.Kc3 Kg7 41.Rb7 Be6 42.Rb8 h5  1/2-1/2

[Event "Leonid Stein Mem B"]
[Site "Lviv UKR"]
[Date "2000.05.20"]
[Round "8"]
[White "Maksimenko,A"]
[Black "Sulypa,A"]
[Result "1-0"]
[WhiteElo "2495"]
[BlackElo "2449"]

1.d4 Nf6 2.c4 g6 3.Nc3 d5 4.cxd5 Nxd5 5.e4 Nxc3 6.bxc3 Bg7 7.Bc4 c5 8.Ne2 Nc6
9.Be3 O-O 10.O-O Bg4 11.f3 Na5 12.Bxf7+ Rxf7 13.fxg4 Rxf1+ 14.Kxf1 cxd4 15.cxd4 e5
16.Kg1 exd4 17.Bxd4 Nc4 18.Bxg7 Kxg7 19.Nf4 Qxd1+ 20.Rxd1 Ne5 21.g5 Re8 22.Rb1 b6
23.h4 Rc8 24.Rb5 Ng4 25.Rb1 Rc4 26.Re1 Kf7 27.g3 Ke7 28.e5 Rc5 29.e6 Ne5
30.Re2 b5 31.Kf2 b4 32.Ke3 Rc4 33.Rd2 Ng4+ 34.Ke2 Ne5 35.Rd5 Re4+ 36.Kf2 Ke8
37.Rd6 a5 38.Ra6 Nc4 39.Nd5  1-0

[Event "City-ch"]
[Site "Lisbon POR"]
[Date "2000.05.25"]
[Round "7"]
[White "Ferreira,N"]
[Black "Santos,AP"]
[Result "1/2-1/2"]
[WhiteElo "2208"]
[BlackElo "2272"]

1.d4 Nf6 2.c4 g6 3.Nc3 d5 4.cxd5 Nxd5 5.e4 Nxc3 6.bxc3 Bg7 7.Be3 c5 8.Qd2 Qa5
9.Rb1 cxd4 10.cxd4 Qxd2+ 11.Kxd2 b6 12.Bb5+ Bd7 13.Ne2 Bxb5 14.Rxb5 e6 15.Rc1 Na6
16.a4 Kd7 17.a5 Nc7 18.Rb3 Rhb8 19.Bf4 e5 20.Bxe5 Bxe5 21.dxe5 Ne6 22.Rd3+ Ke8
23.Rd5 bxa5 24.Rxa5 Rb2+ 25.Ke3 a6 26.Rc3 Rd8 27.Nc1 Rdd2 28.Rxa6 Rxf2 29.Ra8+ Ke7
30.Rca3 Rfc2 31.R3a7+ Rc7 32.Rxc7+ Nxc7 33.Ra7 Rc2 34.Nd3 Kf8 35.Ne1 Rc3+
36.Kd2 Rc6 37.Nf3 Ne6 38.g3 Rb6 39.Ra3 Rb4 40.Ke3 h5 41.h4 Rb1 42.Ng5 Nxg5
43.hxg5 Rh1 44.Ra6 Ke7 45.Rf6 Rh3 46.Kf2 h4 47.gxh4 Rxh4 48.Kf3 Rh3+ 49.Kg4 Re3
50.Kf4 Re1 51.e6 fxe6 52.Ke5 Rg1 53.Rxg6 Kf7 54.Rf6+ Kg7 55.g6 Rg5+ 56.Kxe6 Ra5
57.e5 Ra1 58.Rf2 Ra6+ 59.Kd7 Ra7+ 60.Kd6 Kxg6 61.e6 Ra6+ 62.Kd5 Ra5+ 63.Kd4 Ra4+
64.Kd3 Ra3+ 65.Kc4 Ra4+ 66.Kd3 Ra3+ 67.Kc4 Ra4+ 68.Kc5 Ra5+  1/2-1/2

[Event "zt3.2a"]
[Site "Vung Tau VIE"]
[Date "2000.05.26"]
[Round "6"]
[White "Sharavdorj,D"]
[Black "Nolte,R"]
[Result "1-0"]
[WhiteElo "2473"]
[BlackElo "2365"]

1.d4 Nf6 2.c4 g6 3.Nc3 d5 4.cxd5 Nxd5 5.e4 Nxc3 6.bxc3 Bg7 7.Nf3 c5 8.Rb1 O-O
9.Be2 Nc6 10.d5 Ne5 11.Nxe5 Bxe5 12.Qd2 e6 13.f4 Bg7 14.c4 Re8 15.e5 f6 16.d6 fxe5
17.Bb2 e4 18.Be5 b6 19.O-O Qd7 20.Rb3 Bb7 21.h4 Kh8 22.Rg3 Rg8 23.Qc3 Bc6
24.Bg4 h5 25.Bd1 Kh7 26.Bc2 Raf8 27.Re1 Bxe5 28.fxe5 Rf4 29.Rge3 Rxh4 30.Rf1 Rg7
31.Qe1 Rg4 32.Bxe4 a6 33.Rf6 b5 34.Bxc6 Qxc6 35.Qf2 bxc4 36.Rxe6 Rg5 37.Rf6 Rb7
38.Rf7+ Rxf7 39.Qxf7+ Kh6 40.Qf8+ Kh7 41.Rf3  1-0

[Event "Bank Pocztowy Open"]
[Site "Bydgoszcz POL"]
[Date "2000.05.28"]
[Round "1"]
[White "Ulibin,M"]
[Black "Shishkin,V"]
[Result "1/2-1/2"]
[WhiteElo "2580"]
[BlackElo "2411"]

1.d4 Nf6 2.c4 g6 3.Nc3 d5 4.cxd5 Nxd5 5.e4 Nxc3 6.bxc3 Bg7 7.Bb5+ Bd7 8.Be2 c5
9.Nf3 cxd4 10.cxd4 Bc6 11.Qd3 f5 12.exf5 Qa5+ 13.Bd2 Qxf5 14.Qe3 Qe4 15.O-O Qxe3
16.fxe3 Bd5 17.Rac1 Nc6 18.Bc4 Bxc4 19.Rxc4 Kd7 20.Rb1 Rhb8 21.d5 Ne5 22.Rh4 h5
23.Nxe5+ Bxe5 24.Re4 Bf6 25.Re6 b5 26.Ba5 Rb7 27.e4 Bd4+ 28.Kh1 b4 29.h4 Bc5
30.Rxg6 Bd6 31.a3 Rf8 32.axb4 Rf4 33.g3 Rxe4 34.Kg2 Rd4 35.Rg5 Rd3 36.Re1 Rb5
37.Rxh5 Rxg3+ 38.Kf2 Rd3 39.Re4 Rbxd5 40.Rxd5 Rxd5 41.Kf3 Ke8 42.Rc4 Kf7
43.Bc7  1/2-1/2

[Event "Bank Pocztowy Open"]
[Site "Bydgoszcz POL"]
[Date "2000.05.31"]
[Round "4"]
[White "Volkov,S"]
[Black "Shishkin,V"]
[Result "1-0"]
[WhiteElo "2582"]
[BlackElo "2411"]

1.d4 Nf6 2.c4 g6 3.Nc3 d5 4.cxd5 Nxd5 5.e4 Nxc3 6.bxc3 Bg7 7.Be3 c5 8.Qd2 cxd4
9.cxd4 Nc6 10.Rd1 Bg4 11.f3 Bd7 12.d5 Na5 13.Bd3 O-O 14.Ne2 e6 15.O-O exd5
16.exd5 b6 17.Qb4 Re8 18.Bf4 Nb7 19.Rd2 Nc5 20.Bb5 Bxb5 21.Qxb5 Be5 22.d6 Qf6
23.Bg3 Rad8 24.Rfd1 Rd7 25.f4 Bc3 26.Rc2 Re3 27.Bf2 Rxd6 28.Rxd6 Qxd6 29.Nxc3  1-0

[Event "SVOLTA Open"]
[Site "Turin ITA"]
[Date "2000.05.31"]
[Round "4"]
[White "Scarenzio,R"]
[Black "Ravagnani,T"]
[Result "1-0"]
[WhiteElo "2013"]
[BlackElo "2014"]

1.d4 Nf6 2.c4 g6 3.Nc3 d5 4.cxd5 Nxd5 5.e4 Nxc3 6.bxc3 Bg7 7.Bc4 c5 8.Ne2 Nc6
9.Be3 O-O 10.O-O Bg4 11.f3 Na5 12.Bxf7+ Rxf7 13.fxg4 Rxf1+ 14.Qxf1 Qd7 15.d5 b6
16.Nf4 Qxg4 17.Qd3 Rd8 18.Rf1 Rf8 19.Bd2 Be5 20.Ne6 Rf6 21.Qa6 Rxf1+ 22.Qxf1 Bg7
23.Bf4 h6 24.Be5 Bf6 25.Bxf6 exf6 26.h3 Qh4 27.Qb5  1-0

[Event "FSIMB June"]
[Site "Budapest HUN"]
[Date "2000.06.09"]
[Round "7"]
[White "Keatinge Clay,A"]
[Black "Daamen,F"]
[Result "1/2-1/2"]
[WhiteElo "2287"]
[BlackElo "2155"]

1.d4 Nf6 2.c4 g6 3.Nc3 d5 4.cxd5 Nxd5 5.e4 Nxc3 6.bxc3 Bg7 7.Bc4 c5 8.Ne2 Nc6
9.Be3 O-O 10.O-O Bg4 11.f3 Na5 12.Bd3 cxd4 13.cxd4 Be6 14.d5 Bxa1 15.Qxa1 f6
16.Rb1 Bd7 17.Qd4 e5 18.Qb4 b6 19.Nc3 Rc8 20.Ba6 Rb8 21.Rd1 Rf7 22.Kh1 Kg7
23.g4 g5 24.Ne2 Bc8 25.Bb5 Bd7 26.Ba6  1/2-1/2

[Event "FSIMA June"]
[Site "Budapest HUN"]
[Date "2000.06.09"]
[Round "7"]
[White "Cooke,E"]
[Black "Dobos,J"]
[Result "1-0"]
[WhiteElo "2266"]
[BlackElo "2336"]

1.d4 Nf6 2.c4 g6 3.Nc3 d5 4.cxd5 Nxd5 5.e4 Nxc3 6.bxc3 Bg7 7.Bc4 O-O 8.Be3 Nc6
9.Ne2 b6 10.Rc1 Na5 11.Bd3 e5 12.O-O Be6 13.d5 Bd7 14.f4 f6 15.Qe1 c5 16.fxe5 fxe5
17.Qg3 Qe7 18.Bg5 Bf6 19.Bxf6 Rxf6 20.Rxf6 Qxf6 21.Rf1 Qe7 22.Kh1 c4 23.Bc2 Rf8
24.Rxf8+ Qxf8 25.Ng1 Qf4 26.Qxf4 exf4 27.Nf3 Kf8 28.e5 Nb7 29.Kg1 Ke7 30.Kf2 Nc5
31.g3 fxg3+ 32.hxg3 Ba4 33.Bb1 Nd7 34.Ke2 a5 35.Be4 b5 36.a3 Bb3 37.Ke3  1-0

[Event "FSIMA June"]
[Site "Budapest HUN"]
[Date "2000.06.10"]
[Round "8"]
[White "Rajlich,V"]
[Black "Szeberenyi,A"]
[Result "0-1"]
[WhiteElo "2309"]
[BlackElo "2257"]

1.d4 Nf6 2.c4 g6 3.Nc3 d5 4.cxd5 Nxd5 5.e4 Nxc3 6.bxc3 Bg7 7.Nf3 c5 8.Rb1 O-O
9.Be2 cxd4 10.cxd4 Qa5+ 11.Bd2 Qxa2 12.O-O b6 13.Qc1 Qe6 14.Bc4 Qxe4 15.Bxf7+ Rxf7
16.Qxc8+ Rf8 17.Qc4+ e6 18.Ng5 Qd5 19.Rbc1 Qxc4 20.Rxc4 Re8 21.Re1 Nd7 22.Nxe6 Ne5
23.dxe5 Rxe6 24.f4 Bf8 25.g4 Bc5+ 26.Kg2 Rf8 27.Rce4 Rd8 28.Bc1 Rf8 29.Rf1 Rfe8
30.Bb2 Rd6 31.exd6 Rxe4 32.d7 Re2+ 33.Kf3 Re3+ 34.Kg2 Rd3 35.Re1 Rxd7 36.Bf6 Kf7
37.Be5 Rd2+ 38.Kh3 a5 39.f5 Rd3+ 40.Kg2 Re3 41.fxg6+ Kxg6 42.Rxe3 Bxe3 43.Kf3 Bc1
44.Ke4 a4 45.Kd3 Kg5 46.Kc4 a3 47.Bc7 b5+ 48.Kb4 Kxg4 49.Bd6 h5 50.Kxb5 Bb2
51.Bxa3 Bxa3  0-1

[Event "IM"]
[Site "Stockholm SWE"]
[Date "2000.06.10"]
[Round "1"]
[White "Eriksson,Joh"]
[Black "Dzevlan,M"]
[Result "1-0"]
[WhiteElo "2364"]
[BlackElo "2414"]

1.d4 Nf6 2.c4 g6 3.Nc3 d5 4.cxd5 Nxd5 5.e4 Nxc3 6.bxc3 Bg7 7.Nf3 c5 8.Rb1 O-O
9.Be2 Nc6 10.d5 Na5 11.c4 b6 12.Bg5 Bg4 13.Rc1 h6 14.Bh4 Bxf3 15.Bxf3 Qe8
16.O-O e5 17.dxe6 Qxe6 18.e5 Rae8 19.Bd5 Qxe5 20.Bg3 Qe2 21.Bd6 Qxa2 22.Bxf8 Rxf8
23.f4 Bf6 24.f5 g5 25.Qh5 Kg7 26.Rce1 Qd2 27.Bxf7 Rxf7 28.Re8 Bd4+ 29.Kh1  1-0

[Event "zt 1.5"]
[Site "Yerevan ARM"]
[Date "2000.06.10"]
[Round "4"]
[White "Banikas,H"]
[Black "Khachian,M"]
[Result "1/2-1/2"]
[WhiteElo "2535"]
[BlackElo "2462"]

1.d4 Nf6 2.c4 g6 3.Nc3 d5 4.cxd5 Nxd5 5.e4 Nxc3 6.bxc3 Bg7 7.Be3 c5 8.Qd2 cxd4
9.cxd4 Nc6 10.Rd1 Bg4 11.Be2 Bxe2 12.Kxe2 O-O 13.Nf3 f5 14.exf5 Rxf5 15.d5 Na5
16.Qb4 Rc8 17.Rc1 Rxd5 18.Qe4 Rxc1 19.Qe6+ Kf8 20.Rxc1 Nc6 21.Rc4 Rf5 22.h4 Qd5
23.Qxd5 Rxd5 24.Ng5 Kg8 25.Ne6 Bf6 26.Nc5 b5 27.Rc1 Nd4+ 28.Bxd4 Rxd4 29.Rb1 Rc4
30.Rxb5 Rc2+ 31.Kf3 Rxa2 32.g3 h6 33.Ne4 Bg7 34.Rb7 Kf8 35.Kg4 Ra5 36.Rc7 Bd4
37.f4 Bb6 38.Rc6 Kf7 39.Rc8 Rd5 40.Rc6 Rd4 41.Nc3 Rd3 42.h5 gxh5+ 43.Kh4 Bd4
44.Ne2 Bf6+ 45.Kxh5 Re3 46.Rc2 a5 47.Kg4 a4 48.Nc1 Rc3 49.Rxc3 Bxc3 50.Kf5 h5
51.Kg5 Ke6 52.Kxh5 Kd5 53.g4 Bd2 54.Na2 Kc4 55.f5 Kb3 56.g5 Bxg5 57.Kxg5 Kxa2
58.Kg6 a3 59.Kf7 Kb3 60.Kxe7 a2 61.f6 a1=Q 62.f7 Qg7 63.Ke8  1/2-1/2

[Event "FSIMA June"]
[Site "Budapest HUN"]
[Date "2000.06.11"]
[Round "9"]
[White "Cooke,E"]
[Black "Kolbus,D"]
[Result "1/2-1/2"]
[WhiteElo "2266"]
[BlackElo "2286"]

1.d4 Nf6 2.c4 g6 3.Nc3 d5 4.cxd5 Nxd5 5.e4 Nxc3 6.bxc3 Bg7 7.Bc4 O-O 8.Be3 c5
9.Ne2 Nc6 10.O-O Qc7 11.Rc1 Rd8 12.f4 Na5 13.Bd3 f5 14.exf5 Bxf5 15.Bxf5 gxf5
16.Ng3 e6 17.Nh5 Bh8 18.Qe2 b6 19.Bf2 Kf7 20.Rfe1 Qc6 21.Rcd1 Rac8 22.Rd3 Rc7
23.dxc5 Rxd3 24.Qxd3 bxc5 25.Rd1 Nb7 26.g4 Qd5 27.Qe2 Qc6 28.Qd3 Qd5 29.Qe2 Qc6
30.Qd3  1/2-1/2

[Event "Jack Collins Int Gp A"]
[Site "New York USA"]
[Date "2000.06.12"]
[Round "1"]
[White "Zugic,I"]
[Black "Kreiman,B"]
[Result "1-0"]
[WhiteElo "2396"]
[BlackElo "2515"]

1.d4 Nf6 2.c4 g6 3.Nc3 d5 4.cxd5 Nxd5 5.e4 Nxc3 6.bxc3 Bg7 7.Be3 c5 8.Qd2 cxd4
9.cxd4 Nc6 10.Nf3 Bg4 11.Rd1 Bxf3 12.gxf3 O-O 13.d5 Ne5 14.Be2 Rc8 15.O-O Qd7
16.Kg2 Nc4 17.Bxc4 Rxc4 18.Rc1 b5 19.Rxc4 bxc4 20.Bd4 Bxd4 21.Qxd4 Rc8 22.Rc1 Qa4
23.e5 Qb5 24.Rc3 Rd8 25.d6 exd6 26.exd6 Qc6 27.Rxc4 Qxd6 28.Qxa7 Qd5 29.Qe7 Ra8
30.Rc2 h5 31.h4 Kh7 32.Qe4 Qd8 33.a4 Ra5 34.Rb2 Ra7 35.Rb5 Re7 36.Rxh5+ Kg8
37.Rd5 Rd7 38.Rxd7 Qxd7 39.Qb4 Kh7 40.a5 Qd3 41.Qb7 Qc4 42.a6 Qxh4 43.Qxf7+ Kh6
44.Qf8+ Kh7 45.Qc5 Qd8 46.a7 Kh6 47.Qb5 Kh7 48.Qe5 Kh6 49.Qb8 Qg5+ 50.Kh1 Qc1+
51.Kh2 Qd2 52.Qh8+ Kg5 53.Qe5+  1-0

[Event "IM"]
[Site "Stockholm SWE"]
[Date "2000.06.12"]
[Round "3"]
[White "Ahlander,B"]
[Black "Von Bahr,O"]
[Result "1-0"]
[WhiteElo "2434"]
[BlackElo "2240"]

1.d4 Nf6 2.c4 g6 3.Nc3 d5 4.cxd5 Nxd5 5.e4 Nxc3 6.bxc3 Bg7 7.Bc4 c5 8.Nf3 O-O
9.h3 Nc6 10.Be3 cxd4 11.cxd4 Qa5+ 12.Bd2 Qa3 13.Rb1 Nxd4 14.Bb4 Nxf3+ 15.Ke2 Nd4+
16.Kf1 Be6 17.Bxa3 Bxc4+ 18.Kg1 Ne2+ 19.Kh2 Nc3 20.Qd7 Nxb1 21.Rxb1 Rfd8
22.Qxb7 Bxa2 23.Rd1 Rdb8 24.Qa6 Rb6 25.Qa5 Bb3 26.Rd7 e6 27.g3 h5 28.Rxa7 Rab8
29.Ra8 Bd4 30.Qxb6  1-0

[Event "Parkroyal Int"]
[Site "Surfers Paradise AUS"]
[Date "2000.06.12"]
[Round "6"]
[White "Allen,A"]
[Black "Wohl,A"]
[Result "0-1"]
[WhiteElo "2264"]
[BlackElo "2438"]

1.d4 Nf6 2.c4 g6 3.Nc3 d5 4.cxd5 Nxd5 5.e4 Nxc3 6.bxc3 Bg7 7.Nf3 c5 8.Rb1 O-O
9.Be2 Qa5 10.Rb5 Qxc3+ 11.Bd2 Qa3 12.Rxc5 Nc6 13.Rc4 Qxa2 14.O-O Bg4 15.d5 Bxf3
16.gxf3 Nd4 17.Kg2 Rfc8 18.Rxc8+ Rxc8 19.Bd3 a5 20.Be3 Nc2 21.Bb6 a4 22.Qd2 Qb3
23.Rc1 Qxb6 24.Rxc2 Ra8 25.Qc1 a3 26.Rc8+ Rxc8 27.Qxc8+ Bf8 28.Qc2 Qa5 29.Bc4 Bg7
30.Ba2 Bd4 31.d6 exd6 32.Qc4 Qg5+ 33.Kf1 Qf6 34.e5 Bxe5 35.Qc8+ Kg7 36.Qxb7 d5
37.Qxd5 Bxh2 38.Qb3 Bd6 39.Qd5 h5 40.Kg2 h4 41.Qe4 Qf4 42.Qxf4 Bxf4  0-1

[Event "FSIMA June"]
[Site "Budapest HUN"]
[Date "2000.06.13"]
[Round "11"]
[White "Cooke,E"]
[Black "Szeberenyi,A"]
[Result "0-1"]
[WhiteElo "2266"]
[BlackElo "2257"]

1.d4 Nf6 2.c4 g6 3.Nc3 d5 4.cxd5 Nxd5 5.e4 Nxc3 6.bxc3 Bg7 7.Bc4 O-O 8.Be3 c5
9.Ne2 Nc6 10.O-O Bg4 11.f3 Bd7 12.Qd2 Rc8 13.Rac1 Qa5 14.Qb2 cxd4 15.cxd4 Qb4
16.Qxb4 Nxb4 17.a3 Nc6 18.Rfd1 Na5 19.Bd3 Ba4 20.Re1 Nb3 21.Rxc8 Rxc8 22.Rb1 b6
23.Kf2 e6 24.Rb2 Na5 25.Rb4 Bb3 26.Nc1 Bc4 27.Bxc4 Nxc4 28.Nd3 Nxa3 29.Rb3 Nc2
30.e5 Rd8 31.Bg5 Nxd4 32.Rxb6 Rc8 33.Rb7 Nc6 34.Be3 a5 35.f4 a4 36.Bc5 Ra8
37.Nc1 Bf8 38.Bxf8 Kxf8 39.Na2 Ne7 40.Ke2 Nd5 41.g3 h5 42.Kd3 Kg7 43.Ke4 h4
44.Kd3 hxg3 45.hxg3 Rh8 46.Ra7 Rh3 47.Rxa4 Rxg3+ 48.Ke2 Rg4 49.Kf3 Rh4 50.Nc1 g5
51.Ne2 Nxf4 52.Nxf4 Rxf4+ 53.Rxf4 gxf4 54.Kxf4 Kh6  0-1